Cây đậu tương
Nội dung tài liệu nghiên cứu, phân loại cây đậu tương. Sự hình thành và các giai đoạn phát triển của cây đậu tương. Ngoài ra tài liệu còn hướng dẫn phương pháp chọn giống cây để cho năng suất chất lượng cao....
Zapisane w:
| Format: | Książka |
|---|---|
| Język: | Undetermined |
| Wydane: |
Hà Nội
Nông Nghiệp
1999
|
| Hasła przedmiotowe: | |
| Etykiety: |
Dodaj etykietę
Nie ma etykietki, Dołącz pierwszą etykiete!
|
| Thư viện lưu trữ: | Trung tâm Học liệu Trường Đại học Cần Thơ |
|---|
| LEADER | 00847nam a2200181Ia 4500 | ||
|---|---|---|---|
| 001 | CTU_36455 | ||
| 008 | 210402s9999 xx 000 0 und d | ||
| 082 | |a 633.34 | ||
| 082 | |b C126/1999 | ||
| 245 | 0 | |a Cây đậu tương | |
| 245 | 0 | |c Ngô Thế Dân...[et al.] ; Hiệu đính Đỗ Ánh | |
| 260 | |a Hà Nội | ||
| 260 | |b Nông Nghiệp | ||
| 260 | |c 1999 | ||
| 520 | |a Nội dung tài liệu nghiên cứu, phân loại cây đậu tương. Sự hình thành và các giai đoạn phát triển của cây đậu tương. Ngoài ra tài liệu còn hướng dẫn phương pháp chọn giống cây để cho năng suất chất lượng cao. | ||
| 650 | |a Field crops,Soybean | ||
| 904 | |i Duy Bằng | ||
| 980 | |a Trung tâm Học liệu Trường Đại học Cần Thơ | ||